[Event "Icelandic Cup 2021"]
[Site "Reykjavik"]
[Date "2021.03.06"]
[Round "1.1"]
[White "Stefansson, Vignir Vatnar"]
[Black "Gretarsson, Hjorvar Steinn"]
[Result "0-1"]
[WhiteElo "2330"]
[BlackElo "2578"]
[Annotator "TA"]
[PlyCount "66"]
[EventDate "2021.03.03"]
[EventType "k.o."]
[EventCountry "ISL"]
[SourceTitle "playchess.com"]
[Source "ChessBase"]
[SourceQuality "1"]

{[%evp 9,66,-1,4,4,3,-25,-37,-41,-48,-33,-46,-39,-55,-80,-77,-78,-55,-53,-55,-77,-66,-80,-86,-99,-91,-93,-85,-129,-122,-132,-131,-132,-148,-326,-350,-353,-361,-412,-406,-452,-457,-428,-362,-431,-423,-452,-431,-477,-484,-698,-714,-745,-739,-733,-712,-775,-750,-2737,-2679]} 1. d4 Nf6 2. c4 e6 3. Nf3 a6 4. g3 b5 5. Bg2 Bb7 6. b3 {E10: Blumenfeld Gambit.} c5 {[#]} 7. Ba3 $146 ({Predecessor:} 7. d5 exd5 8. Nh4 Ne4 9. cxd5 Qf6 10. Bxe4 Qxa1 11. Qc2 d6 12. O-O Qf6 13. Bb2 {1-0 (56) Salem,A (2638)-Khismatullin,D (2632) Riadh 2017}) 7... Qa5+ 8. Qd2 {Black is slightly better.} Qxd2+ 9. Nbxd2 cxd4 10. Bxf8 Rxf8 11. Kf1 Bxf3 12. Nxf3 {[#]} bxc4 $1 13. Nxd4 Ra7 14. bxc4 Rc7 15. e3 Rxc4 16. Rb1 {[#]} Ke7 $1 17. Ke2 d5 18. Rb6 Nfd7 19. Rb2 Rfc8 20. Kd2 Nc6 21. Bf1 $2 (21. Nxc6+ $17 {was called for.} R4xc6 22. Bf1) 21... Nxd4 $19 22. Bxc4 dxc4 23. Rb7 Nb5 24. a4 Nd6 25. Ra7 Rc6 26. Rb1 Ne4+ {Black is clearly winning.} 27. Kc2 Nxf2 28. a5 Ng4 29. Rb6 (29. Re1 $142) 29... Nxe3+ 30. Kd2 Rxb6 31. axb6 Nd5 32. b7 c3+ 33. Kc2 Nb8 {Black took control after the opening.  Weighted Error Value: White=0.65/Black=0.02} 0-1

[Event "Icelandic Cup 2021"]
[Site "Reykjavik"]
[Date "2021.03.07"]
[Round "1.2"]
[White "Gretarsson, Hjorvar Steinn"]
[Black "Stefansson, Vignir Vatnar"]
[Result "1-0"]
[WhiteElo "2578"]
[BlackElo "2330"]
[Annotator "TA"]
[PlyCount "93"]
[EventDate "2021.03.03"]
[EventType "k.o."]
[EventCountry "ISL"]
[SourceTitle "playchess.com"]
[Source "ChessBase"]
[SourceQuality "1"]

{[%evp 15,93,-25,-31,-37,-37,-40,-34,-41,-29,-58,-34,-36,-30,-46,-23,-19,-12,-16,0,0,-9,0,0,0,44,33,100,109,86,99,79,12,42,0,0,0,0,0,0,0,58,55,107,93,110,123,149,129,220,220,226,226,220,183,222,230,348,343,322,268,418,253,969,968,806,0,128,0,958,925,1698,1604,1675,997,29985,29986,29986,29987,29952,6315]} 1. Nf3 d5 2. g3 Nf6 3. Bg2 e6 4. O-O Be7 5. d3 c5 6. Nbd2 Nc6 7. b3 O-O 8. Bb2 Qc7 9. c4 {A06: Réti Opening: 1 Nf3 d5.} d4 10. e3 {[%cal Re3d4]} e5 11. a3 {Black is slightly better.} Bf5 {[#]} 12. Qc2 $146 ({Predecessor:} 12. e4 Bd7 13. Nh4 g6 14. Qe1 Qd8 15. h3 Nh5 16. Nhf3 Qc7 17. Kh2 Rae8 18. Ng1 {1-0 (44) Gonzalez Mateo,J (1819)-Lizon Martinez,S (1739) Tres Cantos 2019}) 12... Rad8 {aiming for ...dxe3.} 13. exd4 exd4 14. Rae1 Rfe8 15. Ng5 Qc8 16. Bc1 Nd7 17. f4 Nf6 18. Nge4 Ng4 19. Nf3 Bg6 20. h3 f5 21. hxg4 $16 fxe4 22. dxe4 Qxg4 23. Qf2 (23. f5 $16) 23... Qd7 $1 $11 24. Kh2 Bh5 25. e5 Bg4 26. Nd2 g6 27. Rh1 d3 (27... h5 $11) 28. Bb2 $14 Qe6 (28... Rf8 $14) 29. Re3 $16 Rf8 30. Ne4 $1 {[%cal Re4d6] Nd6! is the strong threat.} Rf5 31. Nd6 {Strongly threatening Bd5.} Rxd6 (31... Bxd6 $2 32. Bd5 $18) (31... Rh5+ $16 32. Kg1 Bxd6 33. exd6 Rxh1+ 34. Bxh1 Qxd6 35. Bd5+ Kf8 36. Rxd3 Be6) 32. exd6 $18 Qxd6 {White must now prevent ...d2.} 33. Qd2 Be2 34. Bd5+ (34. Qc3 Bf6 $17) 34... Kf8 35. Kg1 (35. Qc3 Bf6 $17) 35... Nd4 (35... h5 $142 36. Be6 (36. Qc3 $2 Bf6 $19) 36... Rf7 37. Bxf7 Kxf7) 36. Rxh7 Rxd5 37. cxd5 (37. Rhxe7 Nf3+ 38. Rxf3 Qxe7 $11) 37... Bf6 (37... Nf3+ $142 38. Rxf3 Bxf3 39. Rh8+ Kf7) 38. f5 g5 $2 (38... Nxf5 39. Bxf6 (39. Rxb7 $2 Nxe3 40. Qxe3 Bxb2 $19) 39... Qxf6) 39. Rh6 Kf7 40. Rh7+ $2 (40. Qa5 $18 Kg7 {[#]} 41. Rxf6 $1 {[%mdl 512]} Qxf6 42. Re6 $1 {[%mdl 576] Pin}) 40... Kg8 (40... Kf8 $11 {remains equal.}) 41. Rh6 (41. Rxb7 Nf3+ 42. Rxf3 Bxf3 $16) ({White should try} 41. Rh3 $16 {Threatens to win with Rh6.} Qxd5 {[%mdl 64] Double Attack} 42. Bxd4 (42. Re8+ $2 Kf7 $19) 42... Bxd4 43. Kh2) 41... Qd8 $2 {[%mdl 8192]} (41... Kf7 $11) 42. Kf2 Kg7 43. Rg6+ Kh7 44. Re4 {White wants to mate with Rh4+!} Qf8 45. Qc1 {White mates.} Bf3 46. Bxd4 Bxd4+ {[#]} 47. Rxd4 $1 {Weighted Error Value: White=0.32/Black=0.47} 1-0

[Event "Icelandic Cup 2021"]
[Site "Reykjavik"]
[Date "2021.03.07"]
[Round "1.2"]
[White "Petursson, Margeir"]
[Black "Kjartansson, Gudmundur"]
[Result "0-1"]
[WhiteElo "2450"]
[BlackElo "2483"]
[Annotator "TA"]
[PlyCount "72"]
[EventDate "2021.03.03"]
[EventType "k.o."]
[EventCountry "ISL"]
[SourceTitle "playchess.com"]
[Source "ChessBase"]
[SourceQuality "1"]

{[%evp 12,72,0,6,14,-29,26,16,14,-28,33,-62,-63,-137,-78,-61,-55,-53,-22,-15,-11,-18,27,16,40,23,31,0,4,-77,119,19,145,-331,-352,-321,-214,-221,-194,-274,-273,-244,0,-578,-535,-555,-569,-533,-505,-514,-423,-396,-303,-429,-416,-836,-804,-819,-768,-702,-547,-536,-497]} 1. d4 d5 2. c4 e6 3. Nc3 c6 4. Nf3 Nf6 5. Bg5 h6 6. Bh4 dxc4 7. e4 b5 {D43: Semi-Slav: 5 Bg5 h6.} 8. Be2 (8. e5 $5 {[%cal Re5f6]} g5 9. Nxg5 hxg5 10. Bxg5 $11 {[%mdl 64] Pin}) 8... Qb6 (8... Be7 $142) 9. O-O {[#]} Bb7 $146 {The position is equal.} ({Predecessor:} 9... Nbd7 10. a4 b4 11. a5 Qc7 12. Na4 Nxe4 13. Bxc4 Bd6 14. Re1 Nef6 15. Nc5 O-O {1-0 (25) Tabatabaei,M (2629)-Sevian,S (2660) chess.com INT 2020}) 10. Ne5 (10. Bxf6 $5 gxf6 11. a4 $15) 10... Bb4 {[#]} (10... Nbd7 $11) 11. f4 (11. Nxf7 $1 $14 Kxf7 (11... O-O 12. Bxf6) 12. e5 Bxc3 13. bxc3) 11... Nbd7 $15 12. Nxf7 Kxf7 (12... O-O $142 $1 13. e5 Rxf7 14. exf6 Nxf6) 13. e5 $17 {[#]} c5 $1 14. exf6 cxd4 15. Bh5+ Kg8 16. Kh1 $1 Rh7 17. f7+ Kf8 $1 {[#]} 18. Bg6 $1 {[%mdl 1024] White has compensation.} Rh8 19. Ne4 (19. Bf2 {keeps more tension.} e5 20. Be4 Bxc3 21. Bxb7 Qxb7 22. bxc3 Kxf7 23. fxe5 Rhe8 24. Bxd4+ Kg8 25. a4) 19... Be7 $36 {[%mdl 2048] White is under pressure.} 20. Bf2 (20. Qg4 $11 Bxh4 21. Qxh4) 20... e5 $2 (20... Qc6 $17 {and life is bright.} 21. Qf3 (21. Bxd4 $2 e5 $19 {[%mdl 64] Discovered Attack}) 21... d3) 21. Qh5 $16 Rd8 (21... a5 $1 $11 {remains equal.}) 22. Ng5 $2 {[%mdl 8192] [#]} Nf6 $1 $19 {[%cal Rf6h5]} 23. Qh3 {aiming for Ne6+.} Bc8 24. f5 {[#]} e4 $1 25. Rfe1 ({Much worse is} 25. Ne6+ Bxe6 26. fxe6 e3 $17) (25. Bg1 $142) 25... e3 26. Bg1 Rd5 $2 (26... Bb4 $19 27. Rf1 Ke7) 27. Bxe3 $2 {[%mdl 8192]} ({But not} 27. Ne6+ $2 Bxe6 28. fxe6 Rg5 $17) (27. Nf3 $1 $11 {and White is okay.}) 27... dxe3 28. Ne6+ Bxe6 29. fxe6 Re5 30. Qf3 Rxe6 31. Rad1 {White threatens Qa8+ and mate.} Qc6 32. Qf4 (32. Qg3 {keeps fighting.} Qb6 33. Qf3) 32... Bd6 33. Rxe3 (33. Qd4 $142 Qb6 34. Bf5 Qxd4 35. Rxd4) 33... Bxf4 {Black is clearly winning.} 34. Rd8+ Ke7 $1 35. Rxh8 Nd7 {( -> ...Nf8)} 36. Re8+ Kf6 {Weighted Error Value: White=0.72/Black=0.47} 0-1

[Event "Icelandic Cup 2021"]
[Site "Reykjavik"]
[Date "2021.03.07"]
[Round "1.2"]
[White "Gretarsson, Helgi Ass"]
[Black "Hjartarson, Johann"]
[Result "1-0"]
[WhiteElo "2440"]
[BlackElo "2525"]
[Annotator "TA"]
[PlyCount "94"]
[EventDate "2021.03.03"]
[EventType "k.o."]
[EventCountry "ISL"]
[SourceTitle "playchess.com"]
[Source "ChessBase"]
[SourceQuality "1"]

{[%evp 9,94,18,43,42,40,41,38,40,44,38,53,32,43,42,39,41,42,21,43,46,60,56,56,53,56,44,45,62,60,62,63,75,60,68,55,60,55,61,50,0,0,0,0,7,270,256,264,255,258,250,488,489,551,556,565,536,501,361,374,356,362,368,342,350,343,342,419,408,410,395,402,399,450,451,467,472,644,614,748,731,1094,984,1303,1122,3077,3327,2643]} 1. d4 Nf6 2. c4 e6 3. Nf3 d5 4. Nc3 dxc4 5. e4 b5 6. e5 {D24: Queen's Gambit Accepted: 3 Nf3 Nf6 4 Nc3.} Nd5 7. Nxb5 Nb6 8. Be2 {White is slightly better.} Nc6 9. O-O Be7 10. Qd2 $1 {[%mdl 4] is recently more successful than 10.Be3.} O-O 11. Rd1 Rb8 12. Nc3 Nb4 13. Qf4 {[#]} Nc2 $146 ({Predecessor:} 13... Bb7 14. Qg4 Kh8 15. h4 Nd3 16. Bxd3 cxd3 17. Rxd3 c5 18. Bg5 Bxf3 19. Rxf3 Bxg5 20. hxg5 Qxd4 {½-½ (58) Lazavik,D (2436)-Geller,J (2521) chess.com INT 2020}) 14. Rb1 Nd5 15. Qd2 Nxc3 16. Qxc3 Na3 {[%mdl 64] Pin} 17. Ra1 Bb4 18. Qe3 Nc2 {[%csl LRa1,LRe3][%mdl 64] Double Attack} 19. Qe4 Nxa1 20. Ng5 $1 {[%csl Gg5][%cal Re4h7]} g6 21. Qh4 $1 {[%csl Gg5][%cal Rh4h7]} h5 22. Bxh5 $1 $40 {[%mdl 128] White is up to no good.} Qe7 (22... gxh5 23. Qxh5 Qxg5 24. Qxg5+ Kh7 25. Qh5+ Kg8 26. Bh6 Be7 27. Qg4+ Bg5 28. Qxg5+ Kh8 29. Qg7#) 23. Be2 {[%csl Gg5][%cal Rh4h7]} f6 24. Ne4 {[%cal Re5f6]} fxe5 25. Qg3 exd4 {And now ...d3 would win.} 26. Bh6 Bb7 $2 {[%mdl 8192] This move loses the game for Black.} 27. Qxg6+ $18 Kh8 {Strongly threatening ...Rf5.} 28. Bxf8 Rxf8 29. Ng5 Nc2 (29... d3 {keeps fighting.} 30. Bxd3 cxd3) 30. Bxc4 Bd5 {[#]} 31. Rd3 $1 {White wants to mate with Rh3+.} Ne3 32. Rxd4 {Intending Rh4+ and mate.} ({Wrong is} 32. fxe3 $2 Bxc4 33. Rd1 dxe3 $19) ({Stronger than} 32. Bxd5 exd5 33. Qh6+ (33. fxe3 dxe3 34. Ne6 Rf6 $11) (33. Rxd4 Nf5 $17) 33... Kg8 $11) 32... Nf5 33. Rd3 {White threatens Rh3+ and mate.} Qg7 {[#]} 34. Rh3+ $1 Kg8 {[#]} 35. Qxe6+ {[%mdl 512]} Bxe6 36. Bxe6+ Rf7 37. Bxf7+ Qxf7 38. Nxf7 Kxf7 39. g4 Ne7 40. f4 Bd6 41. f5 {White is clearly winning.} Kf6 {Black hopes to continue with ...Kg5.} 42. Kg2 Nd5 {Threatens to win with ...Nf4+.} 43. Kf3 Nb4 44. Rh6+ Kg7 45. g5 Nd3 46. f6+ Kf7 47. Ke4 Ke8 {Weighted Error Value: White=0.07/Black=0.33} 1-0

[Event "Icelandic Cup 2021"]
[Site "Reykjavik"]
[Date "2021.03.07"]
[Round "1.2"]
[White "Thorfinnsson, Bragi"]
[Black "Stefansson, Hannes"]
[Result "0-1"]
[WhiteElo "2439"]
[BlackElo "2536"]
[Annotator "TA"]
[PlyCount "74"]
[EventDate "2021.03.03"]
[EventType "k.o."]
[EventCountry "ISL"]
[SourceTitle "playchess.com"]
[Source "ChessBase"]
[SourceQuality "1"]

{[%evp 21,74,10,10,4,18,14,20,-2,0,-23,-7,-19,0,-9,0,0,0,-19,-7,-5,-6,-6,-6,-8,0,0,-4,-48,-48,-38,-33,-43,-72,-132,-106,-122,27,14,247,251,218,-173,-184,-164,-8,-9,-6,-516,-494,-1468,-1430,-29969,-29968,-5114,-4702]} 1. d4 Nf6 2. c4 e6 3. Nc3 Bb4 4. f3 d5 5. a3 Bxc3+ 6. bxc3 c5 7. cxd5 Nxd5 8. dxc5 Qa5 9. e4 Ne7 10. Be3 O-O 11. Qb3 Qc7 12. Bb5 {12.Nh3 is not played anymore. E25: Nimzo-Indian: Sämisch: 5...c5 6 f3 d5 7 cxd5.} Nec6 13. Ne2 Na5 {[#]} 14. Qb1 $146 {The position is equal.} ({Predecessor:} 14. Qb4 e5 15. Nd4 Nbc6 16. Qb2 Rb8 17. Nf5 Be6 18. O-O a6 19. Ba4 Nc4 20. Qf2 {0-1 (96) Smirnov,A (2604)-Abdusattorov,N (2635) Wijk aan Zee 2020}) 14... e5 15. O-O Be6 16. Qe1 Bc4 17. Rb1 Bxb5 18. Rxb5 Nc4 19. Qf2 Nxa3 20. Rb3 Nc4 21. Rfb1 Nd7 22. Rxb7 Qc6 23. Ng3 {Strongly threatening Nf5.} g6 24. Bh6 Nxc5 25. Bxf8 Nxb7 26. Bh6 a5 27. f4 (27. Nf5 $142 gxf5 {[%mdl 64] Discovered Attack} 28. Qh4 (28. Qg3+ Qg6 $17)) 27... a4 28. fxe5 {And now e6! would win.} a3 ({But not} 28... Nxe5 $2 29. Rxb7 $1 {[%mdl 512]} a3 30. Ra7 $18) (28... Nd8 $17 {White must now prevent ...a3.} 29. e6 Qxe6) 29. e6 $1 $11 Nd8 (29... fxe6 $11 30. Qf6 Qc5+ 31. Kh1 Qe5 $1) 30. e7 $40 {[%mdl 128] White has strong attack.} Ne6 {[#]} 31. Qf6 $4 {[%mdl 8192]} (31. Nh5 $1 $18 {[%cal Rh5f6][%mdl 512]} Nd6 32. Rf1 $1) 31... a2 $19 32. Rf1 {[#]} Qc5+ $2 (32... Nd6 $1 $19 33. e5 a1=Q 34. exd6 {[#]} Qxf1+ $1 35. Nxf1 Qxd6) 33. Kh1 $11 Ne5 34. Be3 $2 {[%mdl 8192]} Qxc3 $19 ({Not} 34... Qxe3 35. Qxe5 a1=Q 36. e8=Q+ Rxe8 37. Rxa1 $15) 35. Nf5 (35. Ne2 $142 Qxe3 36. Qxe5 Qxe2 37. Qf6) 35... gxf5 36. exf5 a1=Q 37. fxe6 {[#]} Qxf1+ $1 {Weighted Error Value: White=0.91/Black=0.32} 0-1

[Event "Icelandic Cup 2021"]
[Site "Reykjavik"]
[Date "2021.03.06"]
[Round "1.3"]
[White "Hjartarson, Johann"]
[Black "Gretarsson, Helgi Ass"]
[Result "1-0"]
[WhiteElo "2525"]
[BlackElo "2440"]
[Annotator "TA"]
[PlyCount "69"]
[EventDate "2021.03.03"]
[EventType "k.o."]
[EventCountry "ISL"]
[SourceTitle "playchess.com"]
[Source "ChessBase"]
[SourceQuality "1"]

{[%evp 9,68,43,54,23,31,31,31,14,31,56,46,12,13,19,17,19,18,-39,-2,-18,-21,-41,-32,-57,28,0,44,46,97,0,74,53,124,130,129,129,138,134,118,144,133,121,126,93,84,90,91,110,101,0,0,0,133,-114,217,197,1947,862,2453,2345,29999]} 1. e4 g6 2. d4 Bg7 3. Nc3 d6 4. Be3 a6 5. Qd2 b5 6. h4 {B06: Modern Defence.} Nf6 7. f3 h5 8. O-O-O {White is slightly better.} c6 (8... b4 $5 {[%cal Rb4c3]}) 9. Kb1 Qc7 10. Qe1 Nbd7 11. Nh3 {[#]} Bb7 $146 ({Predecessor:} 11... Nb6 12. Ng5 b4 13. Ne2 c5 14. Nc1 Bb7 15. dxc5 dxc5 16. Nd3 Nfd7 17. Bf4 e5 {1-0 (57) Leskiewicz,I (2190)-Choroszej,A (2059) Suwalki 2020}) 12. Ng5 c5 13. d5 ({Better is} 13. Ne2 $11) 13... Ne5 14. f4 Neg4 15. Bc1 Bc8 16. Ne2 Nd7 (16... Rb8 $15) 17. Ng3 $1 $11 Nb6 18. Be2 Nc4 $1 19. Bd3 (19. f5 $1 $16) 19... O-O (19... Bd4 $11) 20. e5 $1 $16 dxe5 (20... Rb8 $14) 21. f5 $1 e4 22. Bxc4 bxc4 23. fxg6 fxg6 {...Nf2 is the strong threat.} 24. d6 ({Stronger than} 24. Qxe4 Qxg3 25. d6 Bf5 $17) (24. N5xe4 $6 c3 $11) 24... Qb7 25. N3xe4 ({Don't play} 25. Qxe4 Qxe4 26. N3xe4 exd6 $14) 25... Bf5 26. Qe2 Ne5 27. Nxc5 Qc8 28. dxe7 Re8 29. Rd5 ({White should try} 29. Nce4 $1 $16 {[%cal Re4d6] And now Nd6 would win.} Bg4 30. Qd2 Bxd1 31. Nd6 (31. Qxd1 Qc6 $15) (31. Rxd1 Rxe7 32. Qd5+ Kh8 $11)) 29... Rxe7 $11 30. Bf4 Bg4 31. Qf2 $2 {[#]} (31. Nf3 $16 {[%cal Rf4e5] keeps the pressure on.} Bxf3 32. gxf3) 31... Nc6 {[%mdl 8192] This costs Black the game.} (31... Nd3 $1 $17 {[%cal Rd3f2][%mdl 512] and life is bright.} 32. cxd3 Re2) 32. Bd6 $18 Re2 (32... Rea7 33. c3 Nd8) 33. Qf7+ {[%mdl 64] Double Attack} Kh8 34. Qxg6 {[%csl Gg5][%cal Rg6h7]} Qe8 35. Qh7# {Weighted Error Value: White=0.29/Black=0.52} 1-0

[Event "Icelandic Cup 2021"]
[Site "Reykjavik"]
[Date "2021.03.10"]
[Round "1.3"]
[White "Gretarsson, Helgi Ass"]
[Black "Hjartarson, Johann"]
[Result "1/2-1/2"]
[WhiteElo "2440"]
[BlackElo "2525"]
[Annotator "TA"]
[PlyCount "123"]
[EventDate "2021.03.03"]
[EventType "k.o."]
[EventCountry "ISL"]
[SourceTitle "playchess.com"]
[Source "ChessBase"]
[SourceQuality "1"]

{[%evp 25,123,26,22,0,0,0,0,-6,0,0,0,-51,-58,-48,-46,-227,-219,-294,-293,-295,-291,-292,-295,-297,-12,-8,-17,-10,-6,-9,-12,-16,0,0,0,-56,-27,-21,-22,-41,-41,-36,-50,-50,-40,-53,-40,-35,-25,-26,0,0,0,0,0,0,0,0,0,0,0,0,0,0,0,0,0,0,0,0,0,0,0,0,0,-28000,-28000,-28000,-28000,-28000,-28000,-28000,-28000,-28000,-28000,-28000,-28000,-28000,-28000,-28000,-28000,-28000,-28000,-28000,-28000,-28000,-28000,-28000,-28000,-28000]} 1. d4 Nf6 2. c4 e6 3. Nf3 b6 4. a3 Ba6 5. Qc2 c5 6. d5 exd5 7. cxd5 g6 8. Nc3 Bg7 9. g3 O-O 10. Bg2 d6 11. O-O Nbd7 12. h3 Re8 13. Re1 b5 14. e4 {E12: Queen's Indian: Unusual White 4th moves, 4 a3, 4 Nc3 Bb7 5 a3 and 4 Nc3 Bb7 .} Qc8 $1 15. Bf4 b4 16. Na4 {The position is equal.} Bb5 17. axb4 ({Of course not} 17. Bxd6 Bxa4 18. Qxa4 Nxe4 $17) 17... cxb4 {[#]} 18. Qxc8 $146 (18. Qb1 $11) ({Predecessor:} 18. Qb1 Ne5 19. Nxe5 dxe5 20. Be3 Nd7 21. Bf1 Bxf1 22. Rxf1 Qb7 23. b3 f5 24. Nc5 Nxc5 25. Bxc5 {1-0 (63) Mchedlishvili,M (2609)-Fernandez Romero,E (2477) Linares 2016}) 18... Raxc8 $15 19. Bxd6 Nxe4 20. Bxb4 (20. Bf4 $15) 20... Rc4 $19 21. Bc3 {Hoping for Bxg7.} Rxa4 ({And not} 21... Bxa4 22. Nd2 $14) 22. Rxa4 Bxa4 23. Bxg7 Kxg7 24. Nd4 {[#]} Nef6 (24... Ndf6 $1 $19 {And now ...Nc5 would win.} 25. Ra1 Nc5) 25. Rxe8 $11 Nxe8 26. b3 {[#]} Bxb3 27. Nxb3 {[%mdl 4096] Endgame KBN-KNN} Kf6 28. Na5 Nc5 29. Nc6 a6 {[%cal Ba7a6,Ba6a5,Ba5a4,Ba4a3][%mdl 32]} 30. f4 (30. Kf1 $11) 30... Nd6 31. Kf2 Ncb7 32. g4 a5 33. g5+ Kg7 $1 34. Ke3 a4 35. Kd4 a3 36. Nb4 f6 37. Bf1 h6 38. gxh6+ Kxh6 39. Bd3 Kh5 40. Bb1 f5 41. Ke5 Nc4+ 42. Kf6 Nbd6 43. Ba2 Ne4+ 44. Ke7 Ncd6 {White should prevent ...g5.} 45. Nc2 Kh4 46. Nxa3 Kxh3 47. Nc4 $2 {[%mdl 8192]} (47. Bb1 $11) 47... Nxc4 48. Bxc4 {KB-KN} Kg3 49. d6 Nxd6 50. Kxd6 Kxf4 {KB-KPP. Mate.} 51. Kd5 g5 52. Kd4 g4 53. Bd5 Kg3 54. Ke3 f4+ 55. Ke2 f3+ 56. Kf1 Kf4 57. Bc6 g3 58. Bb7 Ke3 59. Bc6 g2+ 60. Kg1 Ke2 {( -> ...f2+)} 61. Bb5+ Ke1 62. Ba6 {[%mdl 32768] Weighted Error Value: White=0.12/Black=0.14. An unexpected result.} 1/2-1/2

[Event "Icelandic Cup 2021"]
[Site "Reykjavik"]
[Date "2021.03.08"]
[Round "1.4"]
[White "Hjartarson, Johann"]
[Black "Gretarsson, Helgi Ass"]
[Result "0-1"]
[WhiteElo "2525"]
[BlackElo "2440"]
[Annotator "TA"]
[PlyCount "90"]
[EventDate "2021.03.03"]
[EventType "k.o."]
[EventCountry "ISL"]
[SourceTitle "playchess.com"]
[Source "ChessBase"]
[SourceQuality "1"]

{[%evp 10,90,32,35,34,27,34,25,25,8,20,8,12,13,15,15,17,6,36,22,29,34,40,17,9,0,11,0,0,0,-14,-16,34,41,33,0,54,0,47,49,43,0,79,17,20,0,0,0,0,-21,-25,-20,-22,-64,-61,-41,0,0,0,0,0,-4,-7,-8,-15,-652,-632,-2223,-277,-568,-525,-1102,-1039,-2127,-1707,-1727,-29972,-29972,-29972,-29987,-29988,-29991,-29992]} 1. e4 g6 2. d4 Bg7 3. Nf3 d6 4. Bc4 Nf6 5. Qe2 O-O 6. e5 dxe5 {B06: Modern Defence.} 7. dxe5 Nd5 8. h3 Be6 {White has an edge.} 9. O-O Nd7 10. a4 c6 11. Re1 Qc7 12. Bd2 a5 {[#]} 13. Nc3 $146 ({Predecessor:} 13. Na3 Nc5 14. b3 Rad8 15. Bxd5 Bxd5 16. Nc4 b6 17. Be3 Nd7 18. Bf4 Nc5 19. Be3 Nd7 20. Bf4 Nc5 21. Be3 Nd7 {½-½ (21) Gurevich,V (2469)-Lai,H (2461) Germany 2019}) 13... N7b6 {[#] Threatens to win with ...Nxc3.} 14. Bxd5 Bxd5 15. Nxd5 cxd5 16. Be3 Nd7 {[%cal Bb6d7,Bd7b8,Bb8c6][%mdl 32]} 17. Bd4 e6 18. c3 Rfc8 19. h4 Qc4 20. Qe3 Nb8 21. h5 Nc6 22. g3 Qb3 ({Black should play} 22... gxh5 $11 23. Qg5 h4) 23. Re2 (23. Bc5 $14) 23... Ne7 24. hxg6 fxg6 25. g4 Qc4 {[#]} (25... Rf8 $11 {keeps the balance.}) 26. Kg2 (26. Nd2 $1 $16 {[%cal Rd2c4]} Qc6 27. f4) 26... h6 27. Nd2 Qa6 28. f4 h5 $1 {[%cal Rh5g4]} 29. Rf2 {aiming for gxh5.} hxg4 {Black wants to play ...Nf5.} 30. Qg3 Kf7 31. Qxg4 Nf5 32. Nf3 Rc4 {Hoping for ...Rxd4!} 33. Kg1 {And now Rg2 would win.} Rh8 34. b3 Rcc8 35. Rd1 $132 {[%mdl 2048] White puts up resistance} Rh6 36. Rdd2 Rch8 37. c4 $2 {[%mdl 8192] This costs White the game.} (37. Rh2 $11) 37... dxc4 $19 {...Rh1+ is the strong threat.} 38. bxc4 Bf8 $2 (38... Rh1+ 39. Kg2 Qc6) 39. Ng5+ $2 (39. Rh2 {was the only chance.}) 39... Ke8 40. Nf3 Bb4 41. Rc2 Qc6 {( -> ...Rh1+)} 42. Rh2 Nxd4 43. Nxd4 {Black mates.} Bc5 44. Rcd2 Rxh2 {[%csl Gh2,Gh8][%cal Rc6h1]} 45. Qxg6+ Kd8 {[%csl Gh2,Gh8][%cal Rc6h1] Weighted Error Value: White=0.70/Black=0.42} 0-1

[Event "Icelandic Cup 2021"]
[Site "Reykjavik"]
[Date "2021.03.06"]
[Round "1.4"]
[White "Kjartansson, Gudmundur"]
[Black "Petursson, Margeir"]
[Result "1-0"]
[WhiteElo "2483"]
[BlackElo "2450"]
[Annotator "TA"]
[PlyCount "83"]
[EventDate "2021.03.03"]
[EventType "k.o."]
[EventCountry "ISL"]
[SourceTitle "playchess.com"]
[Source "ChessBase"]
[SourceQuality "1"]

{[%evp 13,83,19,46,28,24,26,25,25,25,25,25,23,31,27,19,40,21,33,23,26,23,27,32,32,62,59,41,51,58,58,62,45,93,93,90,90,107,107,140,70,87,87,87,87,87,87,79,79,163,164,148,148,225,225,393,392,431,406,537,535,524,454,454,434,434,426,483,471,455,454,408,366]} 1. d4 Nf6 2. Nf3 d5 3. c4 e6 4. g3 dxc4 5. Bg2 a6 6. O-O Nc6 7. e3 Rb8 8. Qe2 {E04: Open Catalan: 5 Nf3.} b5 9. b3 cxb3 10. axb3 {White has an edge.} Bb7 11. Bd2 Be7 12. Rc1 O-O 13. Ne1 Nb4 14. Bxb7 Rxb7 15. Bxb4 Bxb4 16. Rxa6 Qd5 17. Qc2 Bxe1 18. Rxe1 {[#]} Ne4 $146 ({Predecessor:} 18... Rb6 19. Nc3 Qc6 20. Ra2 h5 21. Ne2 Qf3 22. Nf4 Rc6 23. Qe2 Qxe2 24. Nxe2 Nd5 {½-½ (48) Radjabov,T (2722)-Cheparinov,I (2677) Monzon 2016}) 19. Nc3 Nxc3 20. Qxc3 b4 21. Qc2 h5 22. h4 e5 23. dxe5 Qxe5 24. Rd1 c5 25. Rc6 Rb5 26. Rc1 (26. Rd7 $16) 26... Rd8 27. Rxc5 Rxc5 28. Qxc5 $16 {[%mdl 4096] Endgame KQR-KQR} Qb2 29. Qc4 (29. Rc4 {keeps more tension.} Qxb3 30. Rxb4 Rd1+ 31. Kh2 Qd5 32. Qxd5 Rxd5 33. Rb8+) 29... g6 30. Rf1 Qc3 {[#]} (30... Qa3 $16) 31. Qxc3 $1 $18 bxc3 {KR-KR} 32. Rc1 Rd3 {[#]} (32... Rc8 $16 33. Rc2 Rb8 34. Rxc3 Kg7) 33. Rc2 $1 f5 $2 (33... f6 34. Kf1 Kf7) 34. Kf1 Rd1+ 35. Ke2 Rb1 36. Rxc3 Rb2+ 37. Kf3 Kf7 38. e4 Kf6 39. exf5 gxf5 40. Rc6+ Ke5 41. Rb6 Rc2 42. Rb5+ {Weighted Error Value: White=0.04/Black=0.23} 1-0